| 000 | 00613nam a2200277Ia 4500 | ||
|---|---|---|---|
| 001 | Z_1561 | ||
| 003 | CHAP | ||
| 008 | 220113s1986 xx 000 0 und d | ||
| 010 | _a164649 | ||
| 040 | _cCHAP | ||
| 082 | _a636.3 T6 | ||
| 100 |
_aTorrent Mollevi, Mateo _9114029 |
||
| 245 |
_aLa oveja y sus producciones / _cpor Mateo Torrent Mollevi |
||
| 260 |
_aBarcelona : _bAedos, _c1986 |
||
| 300 | _a244 p | ||
| 440 | _a | ||
| 500 | _a | ||
| 503 | _a | ||
| 650 |
_aGanado lanar I. t. _9137304 |
||
| 901 | _a636.3 T6 | ||
| 902 | _aA | ||
| 910 | _a1986 | ||
| 942 | _c1 | ||
| 942 | _cc1 | ||
| 999 |
_c164649 _d164649 |
||